Statistics for The Promised Neverland Characters in Alphabetical Order

Click here to take the quiz!

General Stats

  • This quiz has been taken 904 times
    (657 since last reset)
  • The average score is 18 of 62

Answer Stats

HintAnswer% Correct
Grace field houseEmma
98%
Grace field houseNorman
95%
Grace field houseRay
94%
AdultsIsabella
83%
Grace field housePhil
74%
Grace field houseGilda
70%
Grace field houseDon
69%
AdultsKrone
62%
Grace field houseConny
60%
Grace field houseAnna
49%
AdultsLucas
40%
DemonsMujika
37%
Grace field houseThoma
36%
AdultsYugo
36%
DemonsSonju
35%
Grace field houseLannion
32%
Grace field houseNat
32%
DemonsLeuvis
30%
Goldy pondViolet
29%
AdultsWilliam Minerva
29%
Goldy pondAdam
27%
Goldy pondOliver
27%
DemonsBayon
24%
Grace field houseChris
24%
Goldy pondGillian
24%
AdultsPeter Ratri
24%
Goldy pondZack
24%
HideoutBarbara
23%
Grace field houseCarol
23%
Grace field houseLeslie
22%
Goldy pondNigel
22%
Grace field houseAlicia
21%
Grace field houseJemima
20%
Goldy pondPepe
20%
HideoutVincent
19%
HideoutCislo
18%
Grace field houseDominic
18%
DemonsNouma
18%
Grace field houseYvette
18%
HideoutZazie
18%
Grace field houseMark
17%
Goldy pondPaula
17%
Goldy pondSandy
17%
Goldy pondTheo
17%
AdultsAndrew
16%
Grace field houseRossi
16%
HideoutHayato
15%
DemonLegravalima
14%
HideoutAyshe
12%
HideoutJin
12%
DemonsNous
11%
Goldy pondSonia
11%
AdultsGrandmother
10%
DemonsLuce
10%
Goldy pondJake
9%
DemonGeelan
8%
Goldy pondMonica
8%
Grace field houseHao
7%
DemonYverk
7%
DemonDozza
5%
Grace field houseCedi
3%
Grace field houseNayla
3%

Score Distribution

Percentile by Number Answered

Percent of People with Each Score

Your Score History

You have not taken this quiz since the last reset